Dynamic Planning <the> Art of Managing Beyond Tomorrow
Uložené v:
| Hlavný autor: | |
|---|---|
| Ďalší autori: | |
| Médium: | Kniha |
| Jazyk: | English |
| Vydavateľské údaje: |
New York
Oxford University Press
1994
|
| Vydanie: | 1. ed. |
| Predmet: | |
| Tagy: |
Žiadne tagy, Buďte prvý, kto otaguje tento záznam!
|
MARC
| LEADER | 00000nam a2200000 4500 | ||
|---|---|---|---|
| 001 | c019702 | ||
| 005 | 20221205140429.3 | ||
| 020 | |a 0-19-508308-3 | ||
| 041 | 0 | |a eng | |
| 044 | |a US | ||
| 245 | 1 | 0 | |a Dynamic Planning |b <the> Art of Managing Beyond Tomorrow |c Beverly Goldberg, John G. Sifonis |
| 250 | |a 1. ed. | ||
| 264 | 1 | |a New York |b Oxford University Press |c 1994 | |
| 300 | |a 288 s. | ||
| 610 | 2 | 0 | |a manažment |
| 610 | 2 | 0 | |a riadenie |
| 610 | 2 | 0 | |a plánovanie |
| 610 | 2 | 0 | |a plánovanie strategické |
| 610 | 2 | 0 | |a metódy plánovania |
| 610 | 2 | 0 | |a analýzy |
| 610 | 2 | 0 | |a modely dynamické |
| 610 | 2 | 0 | |a modely plánovania |
| 100 | 1 | |a Goldberg, Beverly | |
| 700 | 1 | |a Sifonis, John G. | |